|
|
|
|
| LEADER |
00000nam a2200000Ii 4500 |
| 001 |
DIGDYK1123 |
| 003 |
NyNyDIG |
| 006 |
m o d |
| 007 |
cr ||||||||||| |
| 008 |
220909s2016 sp ob 001 0 spa d |
| 035 |
|
|
|a (OCoLC)987348223
|
| 040 |
|
|
|a DGITA
|b eng
|e rda
|e pn
|c DGITA
|
| 020 |
|
|
|a 9788491480884
|q pdf
|
| 020 |
|
|
|z 9788491480150
|
| 043 |
|
|
|a e-sp---
|
| 050 |
1 |
4 |
|a KKT3800 ebook
|
| 082 |
0 |
4 |
|a 345.46
|
| 245 |
0 |
0 |
|a Prisión y alternativas en el nuevo Código Penal tras la reforma 2015 /
|c Jon-Mirena Landa Gorostiza, (director) ; Enara Garro Carrera, Miren Ortubay Fuentes, (coordinadoras)
|
| 264 |
|
1 |
|a Madrid :
|b Editorial Dykinson,
|c 2016.
|
| 300 |
|
|
|a 1 online resource.
|
| 336 |
|
|
|a text
|b txt
|2 rdacontent
|
| 337 |
|
|
|a computer
|b c
|2 rdamedia
|
| 338 |
|
|
|a online resource
|b cr
|2 rdacarrier
|
| 347 |
|
|
|a text file
|2 rdaft
|
| 347 |
|
|
|b PDF
|
| 490 |
1 |
|
|a Colección "Derecho y Sociedad"
|
| 500 |
|
|
|a "Instituto Internacional de Sociología Jurídica de Oñati"--Cover.
|
| 504 |
|
|
|a Includes bibliographical references and index.
|
| 588 |
0 |
|
|a Online resource; title from PDF title page (Digitalia, viewed September 9, 2022)
|
| 650 |
|
0 |
|a Criminal law
|z Spain.
|
| 650 |
|
0 |
|a Punishment
|z Spain.
|
| 650 |
|
0 |
|a Terrorism
|x Law and legislation
|z Spain.
|
| 650 |
|
0 |
|a Alternatives to imprisonment
|z Spain.
|
| 650 |
|
0 |
|a Imprisonment
|z Spain.
|
| 655 |
|
0 |
|a Electronic books.
|
| 700 |
1 |
|
|a Landa Gorostiza, Jon Mirena,
|e editor.
|
| 700 |
1 |
|
|a Ortubay Fuentes, Miren,
|e editor.
|
| 700 |
1 |
|
|a Garro Carrera, Enara,
|e editor.
|
| 791 |
2 |
|
|a Digitalia (Firm),
|e distributor.
|
| 793 |
0 |
|
|g Digitalia eBook Collection:
|a Dykinson Editorial
|
| 776 |
0 |
8 |
|i Print version:
|t Prisión y alternativas en el nuevo Código Penal tras la reforma 2015.
|d Madrid : Editorial Dykinson, [2016]
|z 9788491480150
|
| 830 |
|
0 |
|a Colección Oñati Derecho y sociedad.
|
| 856 |
4 |
0 |
|3 Digitalia Hispánica
|u https://www.digitaliapublishing.com/a/46281/
|
| 910 |
|
|
|a Premium collection: 2022
|